Kashshāf iṣṭilāḥāt al-funūn / (Record no. 50283)

MARC details
000 -LEADER
fixed length control field 00913cam a22002411a 4500
001 - CONTROL NUMBER
control field ne 68001377
003 - CONTROL NUMBER IDENTIFIER
control field DLC
005 - DATE AND TIME OF LATEST TRANSACTION
control field 20260227111840.0
008 - FIXED-LENGTH DATA ELEMENTS--GENERAL INFORMATION
fixed length control field 870518s1899 tu d 000 0 arar
010 ## - LIBRARY OF CONGRESS CONTROL NUMBER
LC control number ne 68001377
035 ## - SYSTEM CONTROL NUMBER
System control number (OCoLC)15703797
040 ## - CATALOGING SOURCE
Original cataloging agency DLC
Transcribing agency InU
Modifying agency DLC
042 ## - AUTHENTICATION CODE
Authentication code premarc
050 00 - LIBRARY OF CONGRESS CALL NUMBER
Classification number PJ6620
Item number .T29
100 1# - MAIN ENTRY--PERSONAL NAME
Personal name Tahānawī, Muḥammad Aʻlá ibn ʻAlī,
Dates associated with a name active 1745.
245 10 - TITLE STATEMENT
Title Kashshāf iṣṭilāḥāt al-funūn /
Statement of responsibility, etc. taʼlīf Muḥammad ʻAlī ibn ʻAlī al-Tahānawī.
260 ## - PUBLICATION, DISTRIBUTION, ETC.
Place of publication, distribution, etc. al-Astānah :
Name of publisher, distributor, etc. Maṭbaʻat Iqdām bi-Dār al-Khilāfah,
Date of publication, distribution, etc. 1317 [1899 or 1900]
300 ## - PHYSICAL DESCRIPTION
Extent 955 p. ;
Dimensions 28 cm.
500 ## - GENERAL NOTE
General note Romanized record.
500 ## - GENERAL NOTE
General note Arranged alphabetically, alif--ṣāḍ.
500 ## - GENERAL NOTE
General note No more published in this edition. Cf. Sarkis. Muʻjam al-maṭbūʻāt al-ʻArabīyah wa-al-muʻarrabah (Cairo, 1928) col. 646.
650 #0 - SUBJECT ADDED ENTRY--TOPICAL TERM
Topical term or geographic name entry element Arabic language
Form subdivision Dictionaries.

No items available.

Powered by Koha